[Event "FIDE Grand Swiss"]
[Site "Samarkand"]
[Date "2025.09.14"]
[Round "10"]
[White "Predke, Alexandr"]
[Black "Mamedov, Rauf"]
[Result "1-0"]
[WhiteElo "2617"]
[BlackElo "2659"]
[PlyCount "145"]
[EventDate "2025.09.04"]
[EventType "swiss"]
[EventRounds "11"]
[EventCountry "UZB"]
[SourceTitle "Mega2025 Update 46"]
[Source "Chessbase"]
[SourceDate "2025.09.19"]
[SourceVersion "1"]
[SourceVersionDate "2025.09.19"]
[SourceQuality "1"]

1. d4 d5 2. c4 e6 3. Nc3 c5 4. cxd5 exd5 5. Nf3 Nc6 6. dxc5 d4 7. Na4 Bxc5 8. Nxc5 Qa5+ 9. Bd2 Qxc5 10. e3 dxe3 11. Bxe3 Qb4+ 12. Qd2 Qxd2+ 13. Bxd2 Nf6 ({RR} 13... Be6 14. Bb5 Nge7 15. b3 a6 16. Be2 f6 17. O-O-O Kf7 18. Kb2 Rhd8 19. Rhe1 Rac8 20. Bc1 Nd5 21. Nd4 Nc3 22. Kxc3 Nxd4+ 23. Bc4 Ne2+ 24. Kb2 Rxd1 25. Rxd1 Bxc4 26. bxc4 Rxc4 27. Be3 b5 28. Rd6 {Mattenberger,M (2239)-Beyer,C (2190) Germany GER 2026 ½-½ (78)}) ({RR} 13... Be6 14. Bb5 Nge7 15. b3 a6 16. Be2 f6 17. O-O-O Kf7 18. Kb2 Rhd8 19. Rhe1 Rac8 20. Bc1 Nd5 21. Nd4 Nc3 22. Kxc3 Nxd4+ 23. Bc4 Ne2+ 24. Kb2 Rxd1 25. Rxd1 Bxc4 26. bxc4 Rxc4 27. Be3 b5 28. Rd6 {Mattenberger,M (2239)-Beyer,C (2190) Germany GER 2026 ½-½ (78)}) 14. Bb5 Bd7 15. O-O-O $146 ({RR} 15. O-O O-O 16. Rfe1 a6 17. Bf1 Be6 18. Ng5 Bd5 19. Bc3 h6 20. Bxf6 gxf6 21. Nh3 Rfd8 22. Nf4 Ne5 23. a3 Bc6 24. Nh5 Rd6 25. Nxf6+ Rxf6 26. Rxe5 Rd8 27. Rae1 Rd2 28. R5e2 Rd4 29. f3 Rfd6 {Santos Ruiz,M (2523)-Jirovsky,M (2448) Skopje 2018 1-0 (80)}) ({RR} 15. O-O O-O 16. Rfe1 a6 17. Bf1 Be6 18. Ng5 Bd5 19. Bc3 h6 20. Bxf6 gxf6 21. Nh3 Rfd8 22. Nf4 Ne5 23. a3 Bc6 24. Nh5 Rd6 25. Nxf6+ Rxf6 26. Rxe5 Rd8 27. Rae1 Rd2 28. R5e2 Rd4 29. f3 Rfd6 {Santos Ruiz,M (2523)-Jirovsky,M (2448) Skopje 2018 1-0 (80)}) 15... O-O 16. Bc3 Rfd8 17. Bxf6 gxf6 18. b3 a6 19. Bxc6 Bxc6 20. Nd4 Be4 21. Rhe1 Rac8+ 22. Kb2 Bg6 23. Rd2 Rd5 24. Rc1 Rcd8 25. Rcd1 Rc8 26. Nf3 Rc2+ 27. Rxc2 Rxd1 28. Rc1 Rd3 29. Rc4 Rd1 30. Rf4 Kg7 31. a4 a5 32. Nd4 Kf8 33. Nf5 Rh1 34. h3 h5 35. Ne3 Rb1+ 36. Ka2 Re1 37. Rxf6 Re2+ 38. Ka1 Ke7 39. Rf4 Ke6 40. Nc4 Be4 41. g3 f5 42. h4 Kd5 43. Nxa5 b6 44. Nc4 Kc5 45. f3 Bd3 46. Nb2 Bc2 47. Rc4+ Kd5 48. Ka2 Bd3 49. Rc8 Ba6 50. Ra8 Bb7 51. Rb8 Bc6 52. Ka3 Kd4 53. Rxb6 Bxf3 54. Rd6+ Kc5 55. Rd3 Be4 56. b4+ Kc6 57. Rc3+ Kd5 58. b5 Kd4 59. Rc4+ Ke5 60. Rc8 Kd4 61. Nd1 Rg2 62. a5 Bb7 63. Rc7 Bd5 64. Kb4 Rd2 65. Rc1 Bf3 66. Rc4+ Ke5 67. Nc3 Rg2 68. a6 Rxg3 69. b6 Rg2 70. Nb5 Rg7 71. Rc5+ Kf6 72. Rc7 Rg4+ 73. Ka5 1-0

[Event "Chessable Masters Div 2 L"]
[Site "chess.com INT"]
[Date "2024.02.04"]
[Round "2.2"]
[White "Nakamura, Hi"]
[Black "Mamedov, Rau"]
[Result "1/2-1/2"]
[WhiteElo "2788"]
[BlackElo "2651"]
[PlyCount "139"]
[EventDate "2024.02.03"]
[EventType "k.o."]

1. d4 d5 2. c4 e6 3. Nc3 c5 4. cxd5 exd5 5. Nf3 Nc6 6. g3 Nf6 7. Bg2 Be7 8. O-O O-O 9. dxc5 Bxc5 10. Na4 Be7 11. Be3 Bg4 12. Rc1 Rc8 13. Nc5 Bxc5 14. Rxc5 Re8 15. h3 Bxf3 $146 ({RR} 15... Bf5 16. Nd4 Be4 17. Nxc6 bxc6 18. Qa4 Bxg2 19. Kxg2 Qd6 20. Rfc1 Rxe3 21. Rxc6 Rxc6 22. Rxc6 Qb8 23. fxe3 Ne4 24. Rc7 h6 25. Qd7 Qxb2 26. Qxf7+ Kh8 27. Qf8+ Kh7 28. Qf5+ {1-0 (28) Grivas,E (2520)-Halkias,S (2435) Athens 1998}) ({RR} 15... Bf5 16. Nd4 Be4 17. Nxc6 bxc6 18. Qa4 Bxg2 19. Kxg2 Qd6 20. Rfc1 Rxe3 21. Rxc6 Rxc6 22. Rxc6 Qb8 23. fxe3 Ne4 24. Rc7 h6 25. Qd7 Qxb2 26. Qxf7+ Kh8 27. Qf8+ Kh7 28. Qf5+ {1-0 (28) Grivas,E (2520)-Halkias,S (2435) Athens 1998}) 16. exf3 d4 17. Bg5 Qb6 18. Rc1 Nd7 19. f4 Nf8 20. f5 Qa5 21. Qg4 h5 22. Qxh5 Qxf5 23. Qg4 Qxg4 24. hxg4 Re2 25. b4 Ne6 26. Bf4 Nxf4 27. gxf4 d3 28. Bf3 Rb2 29. a3 d2 30. Rc3 Re8 31. Re3 Kf8 32. Bxc6 bxc6 33. Rd1 Ra2 34. Kf1 Rxe3 35. fxe3 Rxa3 36. Ke2 Rb3 37. Rxd2 Rxb4 38. Rd7 a5 39. Rc7 Rb6 40. Ra7 Rb5 41. Kd3 g6 42. Ra6 Rc5 43. Kd4 Rd5+ 44. Kc4 Rd1 45. Rxa5 Ke7 46. Ra7+ Ke6 47. Rc7 Rc1+ 48. Kd4 Rd1+ 49. Kc3 Rc1+ 50. Kd3 Rc5 51. g5 f6 52. Rg7 fxg5 53. Rxg6+ Kf7 54. Rxg5 Rxg5 55. fxg5 Kg6 56. Kd4 Kxg5 57. Ke5 Kg6 58. e4 Kf7 59. Kd6 Ke8 60. Kxc6 Ke7 61. Kd5 Kd7 62. Ke5 Ke7 63. Kf5 Kf7 64. e5 Ke7 65. e6 Ke8 66. Ke5 Ke7 67. Kf5 Ke8 68. Kf6 Kf8 69. e7+ Ke8 70. Ke6 1/2-1/2

[Event "Titled Tue 6th Feb Early"]
[Site "chess.com INT"]
[Date "2024.02.06"]
[Round "9"]
[White "Xiong, Jeffery"]
[Black "Warmerdam, Max"]
[Result "0-1"]
[WhiteElo "2659"]
[BlackElo "2617"]
[PlyCount "40"]
[EventDate "2024.02.06"]

1. d4 d5 2. c4 e6 3. Nf3 Nf6 4. Nc3 c5 5. e3 a6 6. cxd5 exd5 7. dxc5 Bxc5 8. Be2 Nc6 9. O-O O-O 10. Nd4 Nxd4 ({RR} 10... Ne5 11. b3 Re8 12. Bb2 Bg4 13. h3 Bxe2 14. Ndxe2 Nc6 15. Rc1 Ba7 16. Na4 Ne4 17. Nd4 Rc8 18. Nxc6 bxc6 19. Qg4 f6 20. Rc2 Qd6 21. Rfc1 Bb8 22. g3 Ng5 23. h4 Ne4 24. Bd4 h6 25. Nc5 {Tregubov,P (2642)-Akobian,V (2624) Khanty-Mansiysk 2009 1-0 (45)}) ({RR} 10... Ne5 11. b3 Re8 12. Bb2 Bg4 13. h3 Bxe2 14. Ndxe2 Nc6 15. Rc1 Ba7 16. Na4 Ne4 17. Nd4 Rc8 18. Nxc6 bxc6 19. Qg4 f6 20. Rc2 Qd6 21. Rfc1 Bb8 22. g3 Ng5 23. h4 Ne4 24. Bd4 h6 25. Nc5 {Tregubov,P (2642)-Akobian,V (2624) Khanty-Mansiysk 2009 1-0 (45)}) 11. exd4 Ba7 $146 ({RR} 11... Be7 12. Bf3 Be6 13. Re1 Qd7 14. Qb3 b5 15. Bg5 Rad8 16. Rad1 h6 17. Bh4 Rfe8 18. h3 g5 19. Bg3 Bd6 20. Be5 Bxe5 21. Rxe5 Qc6 22. Rde1 Qc4 23. Qd1 b4 24. Be2 Qc8 25. Na4 Ne4 26. f3 {Rovcanin,Z (2137)-Bulat,R (1890) Mojkovac 2016 1-0 (51)}) ({RR} 11... Be7 12. Bf3 Be6 13. Qb3 b5 14. Bg5 Rc8 15. Rfd1 Rc4 16. Be2 Rc6 17. Bxf6 Bxf6 18. a4 bxa4 19. Rxa4 Qd6 20. Qa2 Rb8 21. g3 Rcb6 22. Rxa6 Rxa6 23. Qxa6 Qxa6 24. Bxa6 Rxb2 25. Bf1 Rc2 26. Ne2 {Gungl,T (2338)-Holinka,H (2312) Germany GER 2026 ½-½ (44)}) ({RR} 11... Be7 12. Bf3 Be6 13. Re1 Qd7 14. Qb3 b5 15. Bg5 Rad8 16. Rad1 h6 17. Bh4 Rfe8 18. h3 g5 19. Bg3 Bd6 20. Be5 Bxe5 21. Rxe5 Qc6 22. Rde1 Qc4 23. Qd1 b4 24. Be2 Qc8 25. Na4 Ne4 26. f3 {Rovcanin,Z (2137)-Bulat,R (1890) Mojkovac 2016 1-0 (51)}) ({RR} 11... Be7 12. Bf3 Be6 13. Qb3 b5 14. Bg5 Rc8 15. Rfd1 Rc4 16. Be2 Rc6 17. Bxf6 Bxf6 18. a4 bxa4 19. Rxa4 Qd6 20. Qa2 Rb8 21. g3 Rcb6 22. Rxa6 Rxa6 23. Qxa6 Qxa6 24. Bxa6 Rxb2 25. Bf1 Rc2 26. Ne2 {Gungl,T (2338)-Holinka,H (2312) Germany GER 2026 ½-½ (44)}) 12. Bg5 Be6 13. Bf3 h6 14. Bh4 Rc8 15. Rc1 Rc4 16. Bxf6 Qxf6 17. Nxd5 Bxd5 18. Bxd5 Rxd4 19. Qb3 Rd2 20. Rc2 Qxf2+ 0-1

[Event "Titled Tue 20th Feb Late"]
[Site "chess.com INT"]
[Date "2024.02.20"]
[Round "10"]
[White "Sargsyan, Shant"]
[Black "Paravyan, D."]
[Result "1/2-1/2"]
[WhiteElo "2637"]
[BlackElo "2612"]
[PlyCount "124"]
[EventDate "2024.02.20"]

1. c4 c5 2. g3 Nf6 3. Bg2 Nc6 4. Nc3 e6 5. Nf3 d5 6. cxd5 exd5 7. d4 cxd4 8. Nxd4 Bc5 9. Nb3 Bb6 10. O-O d4 11. Na4 O-O 12. Bg5 h6 13. Nxb6 ({RR} 13. Bxf6 Qxf6 14. Nxb6 axb6 15. Bxc6 {½-½ (23) Petrosyan,M (2629)-Oparin,G (2687) chess.com INT 2023}) ({RR} 13. Bxf6 Qxf6 14. Nxb6 axb6 15. Bxc6 {½-½ (23) Petrosyan,M (2629)-Oparin,G (2687) chess.com INT 2023}) 13... axb6 14. Bxc6 bxc6 15. Bxf6 Qxf6 16. Qxd4 Rd8 17. Qxf6 gxf6 18. Rfd1 Rxd1+ 19. Rxd1 Be6 20. Nc1 Bxa2 21. Nxa2 Rxa2 22. Rd6 Kg7 ({RR} 22... Rxb2 23. Rxc6 Rxe2 24. Rxb6 Kg7 25. Kg2 Re5 26. h4 Re7 27. Ra6 Re5 28. Rb6 Re7 29. Rc6 Re5 30. Ra6 Re7 {½-½ (30) Zarubitski,V (2417)-Ponkratov,P (2570) Orsha BLR 2026}) ({RR} 22... Rxb2 23. Rxc6 Rxe2 24. Rxb6 Kg7 25. Kg2 Re5 26. h4 Re7 27. Ra6 Re5 28. Rb6 Re7 29. Rc6 Re5 30. Ra6 Re7 {½-½ (30) Zarubitski,V (2417)-Ponkratov,P (2570) Orsha BLR 2026}) 23. Rxc6 Rxb2 24. e3 $146 b5 25. Rb6 b4 26. Kg2 b3 27. g4 Rb1 28. h4 Rb2 29. Kg3 Rb1 30. Kf4 Rb2 31. f3 Rb1 32. h5 Rb2 33. e4 Rb1 34. Kf5 b2 35. f4 Rc1 36. Rxb2 Rc5+ 37. e5 fxe5 38. fxe5 Rc1 39. Rf2 Re1 40. Rf4 Re2 41. Rf1 Rg2 42. Kf4 Re2 43. Rf3 Re1 44. Rf2 f6 45. exf6+ Kxf6 46. Rf3 Re7 47. Ra3 Kg7 48. Ra5 Rb7 49. Ra6 Rc7 50. Rg6+ Kh7 51. Re6 Kg7 52. Kf5 Rf7+ 53. Ke5 Ra7 54. Rg6+ Kh7 55. Rd6 Kg7 56. Ke6 Rb7 57. Rd7+ Rxd7 58. Kxd7 Kf7 59. Kd8 Kf8 60. Kd7 Kf7 61. Kd8 Kf8 62. Kd7 Kf7 1/2-1/2

[Event "Titled Tue 5th Mar Late"]
[Site "chess.com INT"]
[Date "2024.03.05"]
[Round "10"]
[White "Nakamura, Hi"]
[Black "Sarana, A."]
[Result "1-0"]
[WhiteElo "2789"]
[BlackElo "2699"]
[PlyCount "73"]
[EventDate "2024.03.05"]

1. h3 c5 2. c4 Nc6 3. Nc3 e6 4. e3 d5 5. cxd5 exd5 6. d4 Nf6 7. Nf3 cxd4 8. Nxd4 Bc5 9. Be2 $146 ({RR} 9. Bb5 Bd7 10. O-O Bxd4 11. exd4 O-O 12. Bg5 h6 13. Bh4 a6 14. Ba4 Re8 15. Rc1 Be6 16. Bxc6 bxc6 17. Na4 g5 18. Bg3 Ne4 19. Bh2 Bd7 20. f3 Nf6 21. Qd2 Nh5 22. Nc5 Bc8 23. Rfe1 Rxe1+ {Andreikin,D (2729)-Mekhitarian,K (2537) chess.com INT 2023 1-0 (45)}) ({RR} 9. Nb3 Bb6 10. Be2 O-O 11. O-O Bf5 12. Bf3 Be4 13. Nd2 Bxf3 14. Nxf3 d4 15. exd4 Nxd4 16. Be3 Nxf3+ 17. Qxf3 Bxe3 18. Qxe3 Re8 19. Qf3 Qb6 20. b3 h6 21. Rad1 Rac8 22. Nd5 Nxd5 23. Rxd5 Re7 {Salci,A (2212)-Vakhlamov,I (2413) chess.com INT 2026 0-1 (52)}) ({RR} 9. Bb5 Bd7 10. O-O Bxd4 11. exd4 O-O 12. Bg5 h6 13. Bh4 a6 14. Ba4 Re8 15. Rc1 Be6 16. Bxc6 bxc6 17. Na4 g5 18. Bg3 Ne4 19. Bh2 Bd7 20. f3 Nf6 21. Qd2 Nh5 22. Nc5 Bc8 23. Rfe1 Rxe1+ {Andreikin,D (2729)-Mekhitarian,K (2537) chess.com INT 2023 1-0 (45)}) ({RR} 9. Nb3 Bb6 10. Be2 O-O 11. O-O Bf5 12. Bf3 Be4 13. Nd2 Bxf3 14. Nxf3 d4 15. exd4 Nxd4 16. Be3 Nxf3+ 17. Qxf3 Bxe3 18. Qxe3 Re8 19. Qf3 Qb6 20. b3 h6 21. Rad1 Rac8 22. Nd5 Nxd5 23. Rxd5 Re7 {Salci,A (2212)-Vakhlamov,I (2413) chess.com INT 2026 0-1 (52)}) 9... O-O 10. O-O h6 11. Nxc6 bxc6 12. b3 Qd6 13. Na4 Bb4 14. Bb2 Ba5 15. Rc1 Re8 16. Bd4 Bc7 17. f4 Bb6 18. Bf3 Bf5 19. Nc5 Ne4 20. Bxe4 Bxe4 21. Qg4 f6 22. Rc3 Kh7 23. Rfc1 Bg6 24. b4 Qe7 25. f5 Bf7 26. Na6 Qb7 27. b5 Bxd4 28. Qxd4 Re4 29. Nc5 Qxb5 30. Nxe4 dxe4 31. Rxc6 Qxf5 32. Rc7 Bxa2 33. Rf1 Qg5 34. Qxe4+ Qg6 35. Qxa8 Bb1 36. Rxg7+ Qxg7 37. Rxb1 1-0

[Event "Chessable Masters Div 3 W"]
[Site "chess.com INT"]
[Date "2024.02.02"]
[Round "1.3"]
[White "Ponomariov, R."]
[Black "Fressinet, L."]
[Result "1-0"]
[WhiteElo "2647"]
[BlackElo "2637"]
[PlyCount "131"]
[EventDate "2024.02.02"]
[EventType "k.o."]

1. d4 d5 2. c4 e6 3. Nc3 c5 4. cxd5 cxd4 5. Qa4+ Bd7 6. Qxd4 exd5 7. Qxd5 Nf6 8. Qb3 Na6 9. Nf3 Nc5 10. Qc2 Rc8 11. e3 Nce4 12. Bd3 Nxc3 13. bxc3 Nd5 14. Bd2 Nb4 15. Qb1 Nxd3+ 16. Qxd3 Bc6 $146 ({RR} 16... Be6 17. Qxd8+ Rxd8 18. Nd4 Bc4 19. a4 Bc5 20. Bc1 O-O 21. Ba3 b6 22. f3 Rd7 23. Kf2 Rc8 24. Rhd1 g6 25. Bb4 a5 26. Ba3 Rdc7 27. Bxc5 Rxc5 28. Rab1 Bd5 29. Rxb6 Rxc3 30. Rb5 R8c5 31. Nf5 {Daneshvar,B (2597)-Sek,K (2400) Moscow RUS 2024 1-0 (39)}) ({RR} 16... Be7 17. O-O O-O 18. Nd4 Be6 19. Rfb1 Bc4 20. Qc2 Ba6 21. a4 Qd5 22. Bc1 Bf6 23. Ba3 Rfe8 24. Rd1 Qc4 25. Bb4 Red8 26. Qb2 g6 27. h3 Rd7 28. a5 Re8 29. Rd2 Rc7 30. Rad1 Rcc8 31. Ne2 {Sharon,R (2316)-Shkapenko,P (2389) Sharjah UAE 2026 ½-½ (45)}) ({RR} 16... Be6 17. Qxd8+ Rxd8 18. Nd4 Bc4 19. a4 Bc5 20. Bc1 O-O 21. Ba3 b6 22. f3 Rd7 23. Kf2 Rc8 24. Rhd1 g6 25. Bb4 a5 26. Ba3 Rdc7 27. Bxc5 Rxc5 28. Rab1 Bd5 29. Rxb6 Rxc3 30. Rb5 R8c5 31. Nf5 {Daneshvar,B (2597)-Sek,K (2400) Moscow RUS 2024 1-0 (39)}) ({RR} 16... Be7 17. O-O O-O 18. Nd4 Be6 19. Rfb1 Bc4 20. Qc2 Ba6 21. a4 Qd5 22. Bc1 Bf6 23. Ba3 Rfe8 24. Rd1 Qc4 25. Bb4 Red8 26. Qb2 g6 27. h3 Rd7 28. a5 Re8 29. Rd2 Rc7 30. Rad1 Rcc8 31. Ne2 {Sharon,R (2316)-Shkapenko,P (2389) Sharjah UAE 2026 ½-½ (45)}) 17. Qf5 Be7 18. Nd4 Bxg2 19. Rg1 g6 20. Qe5 f6 21. Qb5+ Bc6 22. Nxc6 Rxc6 23. Qxb7 Rd6 24. Rd1 f5 25. Ke2 Qa5 26. Qc8+ Bd8 27. Qc4 Qa6 28. Qxa6 Rxa6 29. Ra1 Kd7 30. Rgb1 Bc7 31. h3 Re8 32. a4 Kc6 33. Rb4 Bd6 34. Rc4+ Bc5 35. Rb1 Re4 36. Rxe4 fxe4 37. Ra1 Kd5 38. a5 Rf6 39. h4 Rf5 40. Be1 Be7 41. Rd1+ Kc6 42. Rd4 Re5 43. Rc4+ Bc5 44. Ra4 Kb5 45. Ra1 Be7 46. f4 exf3+ 47. Kxf3 Rf5+ 48. Ke2 Kc6 49. a6 Rh5 50. Ra4 Kb5 51. Re4 Bc5 52. Re6 Bb6 53. e4 Kxa6 54. c4 Kb7 55. e5 Bd4 56. Bg3 a5 57. Kd3 Bc5 58. Rf6 Rf5 59. Ke4 Rxf6 60. exf6 Kc6 61. Ke5 a4 62. Be1 Kd7 63. Kd5 Be3 64. c5 Ke8 65. c6 Bb6 66. Ke6 1-0

[Event "Titled Tue 30th Jan Early"]
[Site "chess.com INT"]
[Date "2024.01.30"]
[Round "3"]
[White "Wagner, De"]
[Black "Oparin, G."]
[Result "0-1"]
[WhiteElo "2611"]
[BlackElo "2664"]
[PlyCount "66"]
[EventDate "2024.01.30"]

1. Nf3 c5 2. c4 Nc6 3. Nc3 Nf6 4. g3 e6 5. Bg2 d5 6. cxd5 exd5 7. d4 cxd4 8. Nxd4 Bc5 9. Nxc6 bxc6 10. Qc2 Bb6 11. Na4 Bd7 12. O-O O-O 13. Nxb6 axb6 14. a4 ({RR} 14. b4 b5 15. Bb2 Re8 16. e3 h5 17. Qc3 Qc8 18. Rfd1 Bh3 19. Bh1 Qf5 20. Rd4 Re6 21. Rf4 Qg6 22. a3 Ne4 23. Qd4 Nd6 24. Bf3 f6 25. Qd1 Bg4 26. Bxg4 hxg4 27. Rxg4 Qf5 28. Rf4 Qg6 {Melkumyan,H (2668)-Carlsen,M (2872) Moscow 2019 ½-½ (39)}) ({RR} 14. b4 b5 15. Bb2 Re8 16. e3 h5 17. Qc3 Qc8 18. Rfd1 Bh3 19. Bh1 Qf5 20. Rd4 Re6 21. Rf4 Qg6 22. a3 Ne4 23. Qd4 Nd6 24. Bf3 f6 25. Qd1 Bg4 26. Bxg4 hxg4 27. Rxg4 Qf5 28. Rf4 Qg6 {Melkumyan,H (2668)-Carlsen,M (2872) Moscow 2019 ½-½ (39)}) 14... Re8 15. b4 h5 $146 ({RR} 15... Qe7 16. Be3 Ra6 17. a5 Rea8 18. Bxb6 Qxb4 19. Ra4 Qe7 20. Ra2 Ne4 21. Rfa1 Qe5 22. Qb2 Qxb2 23. Rxb2 Nd6 24. Rb4 Nc4 25. Rab1 f5 26. Bf1 Nd2 27. Rc1 Nxf1 28. Kxf1 Kf7 29. e3 Re8 30. Ke2 {Gomez Arce,A (2111)-Antich Fernandez,M (1715) Salobrena 2022 1-0 (50)}) ({RR} 15... Qe7 16. Be3 Qxb4 17. Rfb1 Qg4 18. Rxb6 Qh5 19. Bd4 Rxe2 20. Qb3 c5 21. Bf3 Ng4 22. h4 Ree8 23. Bxc5 Qe5 24. Qd1 h5 25. a5 Qf5 26. Qxd5 Rxa5 27. Qxf5 Rxa1+ 28. Qb1 Re1+ 29. Qxe1 Rxe1+ 30. Kg2 {Kourkoulos Arditis,S (2570)-Alexakis,D (2525) Patras GRE 2026 ½-½ (48)}) ({RR} 15... Qe7 16. Be3 Ra6 17. a5 Rea8 18. Bxb6 Qxb4 19. Ra4 Qe7 20. Ra2 Ne4 21. Rfa1 Qe5 22. Qb2 Qxb2 23. Rxb2 Nd6 24. Rb4 Nc4 25. Rab1 f5 26. Bf1 Nd2 27. Rc1 Nxf1 28. Kxf1 Kf7 29. e3 Re8 30. Ke2 {Gomez Arce,A (2111)-Antich Fernandez,M (1715) Salobrena 2022 1-0 (50)}) ({RR} 15... Qe7 16. Be3 Qxb4 17. Rfb1 Qg4 18. Rxb6 Qh5 19. Bd4 Rxe2 20. Qb3 c5 21. Bf3 Ng4 22. h4 Ree8 23. Bxc5 Qe5 24. Qd1 h5 25. a5 Qf5 26. Qxd5 Rxa5 27. Qxf5 Rxa1+ 28. Qb1 Re1+ 29. Qxe1 Rxe1+ 30. Kg2 {Kourkoulos Arditis,S (2570)-Alexakis,D (2525) Patras GRE 2026 ½-½ (48)}) 16. Bb2 h4 17. Bd4 Ne4 18. Rfc1 Re6 19. Ra3 hxg3 20. hxg3 Rc8 21. Qb2 c5 22. bxc5 bxc5 23. Bxg7 Qg5 24. Bc3 d4 25. Be1 Bc6 26. a5 Rh6 27. a6 Qh5 28. f3 Qh2+ 29. Kf1 Nxg3+ 30. Bxg3 Qxg3 31. Rxc5 Rh2 32. Qxd4 Qxg2+ 33. Ke1 Qxe2# 0-1

[Event "Bundesliga 2023-24"]
[Site "Solingen GER"]
[Date "2024.02.04"]
[Round "8.7"]
[White "Harikrishna, P."]
[Black "Svane, R."]
[Result "1/2-1/2"]
[WhiteElo "2716"]
[BlackElo "2646"]
[PlyCount "83"]
[EventDate "2023.10.21"]
[WhiteTeam "SG Solingen"]
[BlackTeam "Hamburger SK"]

1. c4 Nf6 2. Nc3 c5 3. Nf3 e6 4. g3 d5 5. cxd5 exd5 6. d4 Nc6 7. a3 cxd4 8. Nxd4 Bc5 9. Be3 Bb6 10. Bg2 O-O 11. O-O Re8 12. Rc1 ({RR} 12. Kh1 Bg4 13. Re1 Qd7 14. Nxc6 Bxe3 15. Nb4 Bxf2 16. Rf1 d4 17. Rxf2 dxc3 18. Qxd7 Bxd7 19. bxc3 Ng4 20. Rf4 Rxe2 21. Bxb7 Rb8 22. Bg2 g5 23. Rd4 Rbe8 24. Bf3 Rxh2+ 25. Kg1 Ne5 26. Bg2 Rh6 {Abdusattorov,N (2777)-So,W (2747) Kolkata IND 2024 0-1 (37)}) ({RR} 12. Kh1 Bg4 13. Re1 Qd7 14. Nxc6 Bxe3 15. Nb4 Bxf2 16. Rf1 d4 17. Rxf2 dxc3 18. Qxd7 Bxd7 19. bxc3 Ng4 20. Rf4 Rxe2 21. Bxb7 Rb8 22. Bg2 g5 23. Rd4 Rbe8 24. Bf3 Rxh2+ 25. Kg1 Ne5 26. Bg2 Rh6 {Abdusattorov,N (2777)-So,W (2747) Kolkata IND 2024 0-1 (37)}) 12... Bg4 13. Nxc6 $146 ({RR} 13. h3 Bh5 14. Qd2 Ne5 15. Bg5 Nc4 16. Qf4 Nxb2 17. Nf5 Re6 18. Bxf6 Qxf6 19. Nxd5 Qe5 20. Qg5 Bg6 21. Nfe7+ Kf8 22. Nxg6+ hxg6 23. Qxe5 Rxe5 24. Nxb6 axb6 25. Rc2 Na4 26. Bxb7 Rd8 27. Bf3 Nc5 {Andreikin,D (2729)-Garcia Guerrero,I (2299) chess.com INT 2024 1-0 (57)}) ({RR} 13. Re1 Rxe3 14. fxe3 Qe7 15. Qd2 Re8 16. Nxd5 Nxd5 17. Bxd5 Qxe3+ 18. Qxe3 Rxe3 19. Nxc6 bxc6 20. Bxc6 h5 21. Kf1 Re6 22. Kg2 Bxe2 23. Bf3 Bxf3+ 24. Kxf3 Rf6+ 25. Ke4 Rf2 26. b4 Rxh2 27. a4 Rb2 {Krysa,L (2446)-Punin,A (2289) chess.com INT 2026 0-1 (74)}) ({RR} 13. h3 Bh5 14. Qd2 Ne5 15. Bg5 Nc4 16. Qf4 Nxb2 17. Nf5 Re6 18. Bxf6 Qxf6 19. Nxd5 Qe5 20. Qg5 Bg6 21. Nfe7+ Kf8 22. Nxg6+ hxg6 23. Qxe5 Rxe5 24. Nxb6 axb6 25. Rc2 Na4 26. Bxb7 Rd8 27. Bf3 Nc5 {Andreikin,D (2729)-Garcia Guerrero,I (2299) chess.com INT 2024 1-0 (57)}) ({RR} 13. Re1 Rxe3 14. fxe3 Qe7 15. Qd2 Re8 16. Nxd5 Nxd5 17. Bxd5 Qxe3+ 18. Qxe3 Rxe3 19. Nxc6 bxc6 20. Bxc6 h5 21. Kf1 Re6 22. Kg2 Bxe2 23. Bf3 Bxf3+ 24. Kxf3 Rf6+ 25. Ke4 Rf2 26. b4 Rxh2 27. a4 Rb2 {Krysa,L (2446)-Punin,A (2289) chess.com INT 2026 0-1 (74)}) 13... bxc6 14. Bd4 Rb8 15. Re1 Bxd4 16. Qxd4 Qa5 17. f3 Be6 18. Na4 Nd7 19. Red1 Rec8 20. Nc5 Nxc5 21. Rxc5 Rb5 22. Rdc1 Qb6 23. b4 a5 24. e3 axb4 25. Rxb5 Qxb5 26. axb4 Rb8 27. Bf1 Qxb4 28. Qxb4 Rxb4 29. Rxc6 Rb3 30. Kf2 Rb2+ 31. Be2 h5 32. h4 g6 33. Ke1 Kg7 34. Rc1 Rb3 35. Kf2 Rb2 36. Rd1 Kf6 37. Rd4 Ke5 38. Ke1 Rb1+ 39. Bd1 Rb2 40. f4+ Kf6 41. Bf3 Rb5 42. Rd2 1/2-1/2

[Event "Qatar Masters Open 2023"]
[Site "Doha QAT"]
[Date "2023.10.18"]
[Round "7.2"]
[White "Maghsoodloo, Parham"]
[Black "Nakamura, Hi"]
[Result "1/2-1/2"]
[WhiteElo "2707"]
[BlackElo "2780"]
[PlyCount "60"]
[EventDate "2023.10.11"]

1. c4 e6 2. Nc3 d5 3. cxd5 exd5 4. d4 c5 5. Nf3 Nf6 6. Bg5 Be6 7. a3 ({RR} 7. dxc5 Bxc5 8. e3 O-O 9. Be2 h6 10. Bh4 Nc6 11. O-O Rc8 12. Rc1 Be7 13. Nd4 a6 14. Nxc6 Rxc6 15. Bf3 Rc4 16. Bxf6 Bxf6 17. Nxd5 Rxc1 18. Nxf6+ Qxf6 19. Qxc1 Bxa2 20. Bxb7 Rb8 21. Qc7 Qd8 {Vidit,S (2722)-Carlsen,M (2870) Kolkata 2019 ½-½ (74)}) ({RR} 7. dxc5 Bxc5 8. e3 O-O 9. Be2 h6 10. Bh4 Nc6 11. O-O Rc8 12. Rc1 Be7 13. Nd4 a6 14. Nxc6 Rxc6 15. Bf3 Rc4 16. Bxf6 Bxf6 17. Nxd5 Rxc1 18. Nxf6+ Qxf6 19. Qxc1 Bxa2 20. Bxb7 Rb8 21. Qc7 Qd8 {Vidit,S (2722)-Carlsen,M (2870) Kolkata 2019 ½-½ (74)}) 7... c4 ({RR} 7... Nc6 8. e3 c4 9. Bxf6 Qxf6 10. g3 Bd6 11. Bg2 O-O 12. Nd2 Rfd8 13. Nxd5 Bxd5 14. Bxd5 Bxa3 15. Bxc4 Bb4 {½-½ (15) Matviishen,V (2547)-Hilby,C (2414) Washington DC USA 2026}) ({RR} 7... Nc6 8. e3 c4 9. g3 Be7 10. Bg2 O-O 11. O-O Rc8 12. Nd2 Qd7 13. b3 cxb3 14. Nxb3 b6 15. Bxf6 Bxf6 16. Ne2 Ne7 17. Nbc1 Bg4 18. Qb3 Rc4 19. Nf4 Rfc8 20. Na2 g5 21. Nd3 Ng6 22. Nb2 {Maghsoodloo,P (2684)-Erdos,V (2542) Austria AUT 2025 1-0 (44)}) ({RR} 7... Nc6 8. e3 c4 9. Bxf6 Qxf6 10. g3 Bd6 11. Bg2 O-O 12. Nd2 Rfd8 13. Nxd5 Bxd5 14. Bxd5 Bxa3 15. Bxc4 Bb4 {½-½ (15) Matviishen,V (2547)-Hilby,C (2414) Washington DC USA 2026}) ({RR} 7... Nc6 8. e3 c4 9. g3 Be7 10. Bg2 O-O 11. O-O Rc8 12. Nd2 Qd7 13. b3 cxb3 14. Nxb3 b6 15. Bxf6 Bxf6 16. Ne2 Ne7 17. Nbc1 Bg4 18. Qb3 Rc4 19. Nf4 Rfc8 20. Na2 g5 21. Nd3 Ng6 22. Nb2 {Maghsoodloo,P (2684)-Erdos,V (2542) Austria AUT 2025 1-0 (44)}) 8. Bxf6 Qxf6 9. Qa4+ $146 ({RR} 9. g3 Nd7 10. Bg2 Qd8 11. O-O Nf6 12. Ne5 Be7 13. Qa4+ Kf8 14. b3 cxb3 15. Qxb3 Rc8 16. Rfc1 b6 17. e3 h5 18. Nd3 g5 19. Nb5 a6 20. Rxc8 Qxc8 21. Rc1 Qd8 22. Nc7 b5 23. Ne5 Kg7 {Csonka,B (2473)-Stevik,P (2281) chess.com INT 2024 0-1 (35)}) ({RR} 9. g3 Nd7 10. Bg2 Qd8 11. O-O Nf6 12. Ne5 Be7 13. Qa4+ Kf8 14. b3 cxb3 15. Qxb3 Rc8 16. Rfc1 b6 17. e3 h5 18. Nd3 g5 19. Nb5 a6 20. Rxc8 Qxc8 21. Rc1 Qd8 22. Nc7 b5 23. Ne5 Kg7 {Csonka,B (2473)-Stevik,P (2281) chess.com INT 2024 0-1 (35)}) 9... Nd7 10. Ne5 Rd8 11. e4 a6 12. exd5 Bf5 13. g4 b5 14. Qd1 Nxe5 15. gxf5 Nd3+ 16. Bxd3 cxd3 17. Qxd3 Be7 18. Ne4 Qb6 19. d6 Bxd6 20. f6 Be5 21. fxg7 Bxg7 22. d5 Bxb2 23. Ra2 Be5 24. Rg1 Qd4 25. Qxd4 Bxd4 26. Re2 Kd7 27. Rg5 Rc8 28. Rf5 Rhf8 29. Nf6+ Bxf6 30. Rxf6 a5 1/2-1/2